[Event "Junior Online 4NCL Division 3"]
[Site "online"]
[Date "2022.02.17"]
[EventDate "2022.02.17"]
[Round "3.34"]
[White "Deng, Jiahao"]
[WhiteElo "935"]
[WhiteTeam "Desert Penguins Unicorn"]
[Black "Thorburn, Rory"]
[BlackElo "1109"]
[BlackTeam "Tetherdown Bishops"]
[Result "0-1"]
[PlyCount "66"]

1. e4 e5 2. Nf3 Nc6 3. Bc4 Bc5 4. c3 d5 5. exd5 Na5 6. Nxe5 Nxc4 7. Nxc4 Qxd5 8. f3 Qxc4 9. d4 Bd6 10. Nd2 Qe6+ 11. Ne4 Nf6 12. Qe2 Nxe4 13. fxe4 O-O 14. O-O b6 15. d5 Qe5 16. Bf4 Qe7 17. b4 a5 18. e5 Ba6 19. exd6 Qxe2 20. Rae1 Qxa2 21. Rf2 Qxd5 22. dxc7 Qc6 23. Rf3 g5 24. Rg3 f6 25. Re7 Rf7 26. Rxf7 Kxf7 27. Bxg5 fxg5 28. Rf3+ Kg6 29. Re3 Qxc7 30. bxa5 bxa5 31. Re4 Qf7 32. Re1 Re8 33. Rf1 Qxf1# 0-1

[Event "Junior Online 4NCL Division 3"]
[Site "online"]
[Date "2022.02.17"]
[EventDate "2022.02.17"]
[Round "3.35"]
[White "Matveev, Grigory"]
[WhiteElo "1227"]
[WhiteTeam "Desert Penguins Unicorn"]
[Black "Bedretdinov, Rasul"]
[BlackElo "1202"]
[BlackTeam "Tetherdown Bishops"]
[Result "0-1"]
[PlyCount "68"]

1. d4 d5 2. c4 e6 3. Nc3 Nf6 4. Bf4 Be7 5. e3 O-O 6. Nf3 c6 7. Ne5 Nbd7 8. Bd3 Re8 9. Bg3 dxc4 10. Bxc4 Nf8 11. f4 b5 12. Nxc6 Qc7 13. Nxe7+ Rxe7 14. Bxb5 Bb7 15. f5 Qb6 16. fxe6 Nxe6 17. O-O a6 18. Bd3 Ree8 19. Bc2 Nf8 20. Qd2 Ng6 21. Rf2 Ng4 22. Rf5 Nxe3 23. Rf2 Nxc2 24. Qxc2 Qxd4 25. Rf1 Rf8 26. Qb3 Bc6 27. Kh1 Qd7 28. Qc4 Qb7 29. a3 Rac8 30. Qe2 Rce8 31. Qc4 Rc8 32. Qe2 h6 33. Na2 Bb5 34. Qe4 Qxe4 0-1

[Event "Junior Online 4NCL Division 3"]
[Site "online"]
[Date "2022.02.17"]
[EventDate "2022.02.17"]
[Round "3.36"]
[White "Kirk, Alex"]
[WhiteElo "1131"]
[WhiteTeam "Tetherdown Bishops"]
[Black "Brandreth-Stroud, Cassian"]
[BlackElo "1165"]
[BlackTeam "Desert Penguins Unicorn"]
[Result "1-0"]
[PlyCount "107"]

1. e4 c5 2. Nf3 d6 3. Bc4 Nc6 4. Nc3 Nf6 5. Ng5 Ne5 6. Bb3 g6 7. f4 Bg4 8. Ne2 Nxe4 9. fxe5 Nxg5 10. exd6 exd6 11. d4 Qe7 12. dxc5 Qxe2+ 13. Qxe2+ Bxe2 14. Kxe2 dxc5 15. Bxg5 Bg7 16. Ba4+ Kf8 17. c3 Re8+ 18. Kd2 h6 19. Bf4 g5 20. Bd6+ Kg8 21. Bxe8 Kh7 22. Bxf7 Rd8 23. Kc2 Rxd6 24. Rad1 Rf6 25. Bd5 Rf2+ 26. Kb3 b5 27. Be4+ Kg8 28. Rd8+ Kf7 29. Bd5+ Kg6 30. Rd6+ Kh7 31. Re1 c4+ 32. Ka3 Bf8 33. Be4+ Kh8 34. b4 Bxd6 35. Bc6 Rxg2 36. Bxg2 a5 37. Kb2 axb4 38. cxb4 Bxb4 39. Re8+ Kg7 40. Rb8 c3+ 41. Kb3 Bd6 42. Rxb5 Bxh2 43. Kxc3 Kg6 44. a4 Bg1 45. a5 Kh5 46. Be4 Kh4 47. Kd2 g4 48. Ke2 Kh3 49. Rb1 Bc5 50. Rf1 g3 51. Rf3 Kh2 52. Rf5 Bd4 53. Rh5+ Kg1 54. Rh1# 1-0

[Event "Junior Online 4NCL Division 3"]
[Site "online"]
[Date "2022.02.17"]
[EventDate "2022.02.17"]
[Round "3.37"]
[White "Tengayev, Temir"]
[WhiteElo "969"]
[WhiteTeam "Desert Penguins Unicorn"]
[Black "Murphy, Sam"]
[BlackElo "1154"]
[BlackTeam "Tetherdown Bishops"]
[Result "0-1"]
[PlyCount "32"]

1. d4 d5 2. c4 e6 3. Nc3 Nf6 4. Nf3 Bb4 5. Bd2 Bxc3 6. Bxc3 Nc6 7. a3 Ne4 8. cxd5 exd5 9. e3 Nxc3 10. bxc3 Bg4 11. h3 Bh5 12. Bb5 Qf6 13. Bxc6+ Qxc6 14. Ne5 Qxc3+ 15. Qd2 Qxa1+ 16. Qc1 Qxc1# 0-1

[Event "Junior Online 4NCL Division 3"]
[Site "online"]
[Date "2022.02.17"]
[EventDate "2022.02.17"]
[Round "3.38"]
[White "Thorburn, Rory"]
[WhiteElo "1109"]
[WhiteTeam "Tetherdown Bishops"]
[Black "Deng, Jiahao"]
[BlackElo "935"]
[BlackTeam "Desert Penguins Unicorn"]
[Result "1-0"]
[PlyCount "43"]

1. e4 e5 2. Nf3 Nc6 3. Nc3 Nf6 4. Bc4 Bc5 5. O-O O-O 6. h3 d6 7. d3 Re8 8. Ng5 Be6 9. Bxe6 fxe6 10. Qf3 Rf8 11. Nxe6 Nd7 12. Qxf8+ Nxf8 13. Nxd8 Rxd8 14. Be3 Bxe3 15. fxe3 Nb4 16. Rac1 Ne6 17. a3 Nc6 18. Nd5 Ng5 19. Nxc7 Rc8 20. Nd5 Nd8 21. Ne7+ Kh8 22. Rf8# 1-0

[Event "Junior Online 4NCL Division 3"]
[Site "online"]
[Date "2022.02.17"]
[EventDate "2022.02.17"]
[Round "3.43"]
[White "Sobolevski, Damien"]
[WhiteElo "920"]
[WhiteTeam "Barnet Knights D"]
[Black "Wong, Joseph"]
[BlackElo "1299"]
[BlackTeam "Wanstead Warriors B"]
[Result "1/2-1/2"]
[PlyCount "238"]

1. d4 d5 2. Bf4 Nf6 3. e3 Bg4 4. Nf3 Bxf3 5. gxf3 Nc6 6. Bd3 e6 7. c3 Bd6 8. Bg3 Qd7 9. Qc2 O-O-O 10. Bxd6 Qxd6 11. Nd2 e5 12. dxe5 Nxe5 13. Be2 Rhe8 14. Bb5 c6 15. Be2 a6 16. O-O-O b5 17. e4 Qc5 18. Nb3 Qxf2 19. Rdf1 Qe3+ 20. Nd2 dxe4 21. Bd1 Nc4 22. Re1 Qxd2+ 23. Qxd2 Nxd2 24. f4 h6 25. Re2 Nc4 26. Bb3 Re7 27. Bxc4 bxc4 28. f5 Red7 29. h4 h5 30. a3 Ng4 31. Kb1 a5 32. Rxe4 Nf2 33. Rxc4 Nxh1 34. Rxc6+ Kb7 35. Rc4 Rd1+ 36. Kc2 R8d2+ 37. Kb3 Rb1 38. Re4 Rbxb2+ 39. Kc4 Nf2 40. Re5 Kb6 41. Rc5 Rb5 42. Rxb5+ Kc6 43. Rc5+ Kd6 44. Rxa5 Ng4 45. a4 Ne3+ 46. Kb5 Nxf5 47. Ra6+ Ke7 48. Ra7+ Kf6 49. Ra6+ Ke5 50. Ra5 Nxh4 51. Kb4+ Ke4 52. Rxh5 Nf3 53. Rh7 g5 54. Rxf7 Rb2+ 55. Kc4 Nd2+ 56. Kc5 Nf3 57. Re7+ Kd3 58. Rd7+ Kxc3 59. a5 Ra2 60. Kb5 g4 61. a6 Nd4+ 62. Kb6 Rb2+ 63. Kc7 g3 64. a7 Ra2 65. Kb8 Nc6+ 66. Kb7 Nxa7 67. Kb6 g2 68. Rg7 Kd3 69. Kc5 Ke3 70. Kd5 Kf2 71. Ke4 g1=Q 72. Rxg1 Kxg1 73. Ke5 Re2+ 74. Kd5 Kf2 75. Kd6 Nb5+ 76. Kc5 Nc3 77. Kd6 Rd2+ 78. Ke6 Re2+ 79. Kd6 Re4 80. Kc5 Ke3 81. Kd6 Kf4 82. Kc6 Rd4 83. Kb6 Ke5 84. Kc5 Ne4+ 85. Kc6 Rd5 86. Kb6 Kd6 87. Kb7 Kd7 88. Kb6 Kd6 89. Kb7 Rb5+ 90. Kc8 Rc5+ 91. Kb7 Rc7+ 92. Kb6 Rc1 93. Kb5 Kd5 94. Kb6 Rb1+ 95. Kc7 Rc1+ 96. Kb7 Kd6 97. Kb6 Rb1+ 98. Ka6 Kc6 99. Ka7 Kc7 100. Ka6 Nc5+ 101. Ka5 Nd3 102. Ka6 Kc6 103. Ka5 Kc5 104. Ka6 Kc6 105. Ka5 Rb5+ 106. Ka6 Rb1 107. Ka5 Kc5 108. Ka6 Rb6+ 109. Ka7 Rb3 110. Ka6 Kc6 111. Ka5 Kc5 112. Ka6 Rb6+ 113. Ka7 Rb5 114. Ka6 Kc6 115. Ka7 Rb6 116. Ka8 Kc7 117. Ka7 Rb1 118. Ka6 Nc5+ 119. Ka5 Kc6 1/2-1/2

[Event "Junior Online 4NCL Division 3"]
[Site "online"]
[Date "2022.02.17"]
[EventDate "2022.02.17"]
[Round "3.44"]
[White "Ta, Duc"]
[WhiteElo "1215"]
[WhiteTeam "Wanstead Warriors B"]
[Black "Finlay Fox, George"]
[BlackElo "800"]
[BlackTeam "Barnet Knights D"]
[Result "1-0"]
[PlyCount "45"]

1. d4 d5 2. c4 e6 3. Nc3 c5 4. cxd5 exd5 5. dxc5 Bxc5 6. Nxd5 Qh4 7. Be3 Bb4+ 8. Nc3 Nf6 9. Nf3 Qh5 10. Bd2 O-O 11. e3 Bg4 12. Be2 Nc6 13. h3 Bf5 14. g4 Qg5 15. Nxg5 Be4 16. Ncxe4 Nxe4 17. Nxe4 Rfe8 18. Ng3 Ne5 19. Bxb4 Ng6 20. Bc3 Nh4 21. O-O Re6 22. Qd4 Rc8 23. Qxg7# 1-0

[Event "Junior Online 4NCL Division 3"]
[Site "online"]
[Date "2022.02.17"]
[EventDate "2022.02.17"]
[Round "3.47"]
[White "Wong, Joseph"]
[WhiteElo "1299"]
[WhiteTeam "Wanstead Warriors B"]
[Black "Sobolevski, Damien"]
[BlackElo "920"]
[BlackTeam "Barnet Knights D"]
[Result "1-0"]
[PlyCount "173"]

1. e4 d6 2. Nf3 Nf6 3. Nc3 g6 4. Bb5+ c6 5. Bc4 Bg7 6. d3 Bg4 7. Bg5 Bxf3 8. Qxf3 Qa5 9. Bd2 Nbd7 10. Ne2 Qc7 11. Nf4 e5 12. Ne2 O-O 13. Nc3 Rfe8 14. O-O-O Nc5 15. a3 b5 16. Ba2 Reb8 17. Be3 Qb7 18. Bxc5 dxc5 19. Qh3 b4 20. Na4 bxa3 21. b3 a5 22. Nxc5 Qb6 23. Na4 Qb7 24. f3 Ne8 25. Rd2 Nd6 26. Re2 Nb5 27. Qg3 Nd4 28. Ree1 Bh6+ 29. Kd1 Bg7 30. Qf2 Ne6 31. g4 Nf4 32. h4 Rd8 33. Nc5 Qc8 34. h5 g5 35. h6 Bf6 36. Qe3 Ng2 37. Qf2 Nxe1 38. Kxe1 Rb8 39. Na4 Qd7 40. Nc5 Qd6 41. Kf1 Be7 42. Na4 Bf6 43. Nc5 Be7 44. Na4 Rbc8 45. Nb6 Rb8 46. Nc4 Qc5 47. Qxc5 Bxc5 48. Nxe5 Re8 49. Nxc6 Rbc8 50. Nxa5 Bb6 51. Nc4 Bc5 52. Rh5 Rcd8 53. Rxg5+ Kh8 54. Rxc5 Re6 55. Nxa3 Rxh6 56. Rc7 Rh1+ 57. Kg2 Rh6 58. Rxf7 Ra8 59. b4 Rxa3 60. Bd5 Ra1 61. Rf8+ Kg7 62. Rf7+ Kg8 63. Rf6+ Kg7 64. Rf7+ Kg8 65. Ra7+ Kf8 66. Rxa1 Kg7 67. Ra7+ Kg6 68. Bf7+ Kg7 69. Be6+ Kf6 70. Bf5 Rh4 71. Bxh7 Rh6 72. b5 Kg5 73. Bf5 Rf6 74. Rg7+ Kh6 75. Rg6+ Rxg6 76. Bxg6 Kxg6 77. b6 Kf6 78. b7 Kg6 79. b8=Q Kf6 80. e5+ Ke6 81. Qd6+ Kf7 82. Qf6+ Kg8 83. e6 Kh7 84. Qf7+ Kh6 85. e7 Kg5 86. e8=Q Kh6 87. Qg6# 1-0

[Event "Junior Online 4NCL Division 3"]
[Site "online"]
[Date "2022.02.17"]
[EventDate "2022.02.17"]
[Round "3.48"]
[White "Finlay Fox, George"]
[WhiteElo "800"]
[WhiteTeam "Barnet Knights D"]
[Black "Ta, Duc"]
[BlackElo "1215"]
[BlackTeam "Wanstead Warriors B"]
[Result "0-1"]
[PlyCount "26"]

1. e4 c6 2. Bc4 d5 3. exd5 cxd5 4. Bb5+ Nc6 5. Nf3 a6 6. Ng5 axb5 7. Qg4 Bxg4 8. O-O e5 9. d4 Nxd4 10. Nxf7 Kxf7 11. Bd2 Qh4 12. g3 Nf3+ 13. Kh1 Qxh2# 0-1

[Event "Junior Online 4NCL Division 3"]
[Site "online"]
[Date "2022.02.17"]
[EventDate "2022.02.17"]
[Round "3.51"]
[White "Navle, Aditi"]
[WhiteElo "1271"]
[WhiteTeam "Uxbridge C"]
[Black "Quin, Wilder"]
[BlackElo "1227"]
[BlackTeam "Wanstead Warriors C"]
[Result "0-1"]
[PlyCount "36"]

1. e4 e6 2. d4 d5 3. exd5 exd5 4. Nc3 Nf6 5. Bg5 Bb4 6. a3 Bxc3+ 7. bxc3 Nc6 8. Nf3 Bg4 9. Be2 O-O 10. O-O Re8 11. Re1 Qd6 12. Rb1 b6 13. h3 Bh5 14. Nd2 Bg6 15. c4 Qxa3 16. cxd5 Nxd5 17. Nc4 Qf8 18. Bh4 Nc3 0-1

[Event "Junior Online 4NCL Division 3"]
[Site "online"]
[Date "2022.02.17"]
[EventDate "2022.02.17"]
[Round "3.52"]
[White "Qureshi, Zain"]
[WhiteElo "1111"]
[WhiteTeam "Wanstead Warriors C"]
[Black "Navle, Yash Kumar"]
[BlackElo "1237"]
[BlackTeam "Uxbridge C"]
[Result "1-0"]
[PlyCount "115"]

1. e4 e5 2. Nc3 Nf6 3. f4 Nc6 4. fxe5 Nxe5 5. d4 Ng6 6. e5 Ng8 7. Nf3 c6 8. Bd3 d6 9. O-O dxe5 10. dxe5 Be7 11. Bxg6 hxg6 12. Qxd8+ Bxd8 13. Bf4 Bb6+ 14. Kh1 Bf5 15. Rac1 O-O-O 16. Na4 Bc7 17. c3 f6 18. Rcd1 Rxd1 19. Rxd1 g5 20. Bg3 Bc2 21. Rd4 Ne7 22. Kg1 Ng6 23. e6 Bxg3 24. hxg3 Re8 25. Nc5 b6 26. Ne4 Rxe6 27. Nd6+ Kc7 28. Nc4 b5 29. Na3 Bf5 30. Nd2 Re2 31. Kf1 Re5 32. b4 Be6 33. Nf3 Rf5 34. Rd2 Bd5 35. Ke2 Bxf3+ 36. gxf3 Re5+ 37. Kf2 f5 38. Nc2 c5 39. Re2 cxb4 40. Nxb4 Rc5 41. Na6+ Kb6 42. Nxc5 Kxc5 43. Re6 Nf8 44. Re7 g6 45. Rxa7 Kc4 46. Ra8 Ne6 47. Rc8+ Kd3 48. Rc6 Nd8 49. Rd6+ Kxc3 50. Rxd8 Kb2 51. Rb8 Kxa2 52. Rxb5 Ka3 53. Rb6 Ka4 54. Rxg6 Kb4 55. Rxg5 Kc4 56. Rxf5 Kd4 57. g4 Kd3 58. g5 1-0

[Event "Junior Online 4NCL Division 3"]
[Site "online"]
[Date "2022.02.17"]
[EventDate "2022.02.17"]
[Round "3.53"]
[White "Kuchibhatla, Ishaan Sai"]
[WhiteElo "1187"]
[WhiteTeam "Uxbridge C"]
[Black "Chu, Ray"]
[BlackElo "1050"]
[BlackTeam "Wanstead Warriors C"]
[Result "1-0"]
[PlyCount "125"]

1. e4 c6 2. Nf3 d5 3. exd5 cxd5 4. d4 Bf5 5. Nc3 Nf6 6. Bf4 e6 7. Be2 Bd6 8. Bxd6 Qxd6 9. h3 O-O 10. Bd3 Bxd3 11. Qxd3 Nc6 12. a3 e5 13. dxe5 Nxe5 14. Nxe5 Qxe5+ 15. Qe2 Qxe2+ 16. Nxe2 Rfe8 17. Rd1 Rac8 18. Rd2 Ne4 19. Rxd5 Rxc2 20. Rf1 g6 21. Rb5 b6 22. Kd1 Rd2+ 23. Ke1 Rc2 24. Kd1 Rc5 25. Rxc5 Nxc5 26. Ng3 Nb3 27. Re1 Rxe1+ 28. Kxe1 Kg7 29. Ke2 Kf6 30. Kd3 Ke5 31. Kc4 Nd4 32. Nf1 a6 33. f4+ Ke4 34. Ng3+ Kxf4 35. Nf1 Ne6 36. Kd5 h5 37. Kc6 b5 38. Kb6 f5 39. Kxa6 Ke4 40. Kxb5 g5 41. a4 g4 42. a5 f4 43. a6 f3 44. gxf3+ gxf3 45. a7 Kd3 46. a8=Q Ke2 47. Ng3+ Ke3 48. Qe4+ Kf2 49. Qxe6 Kxg3 50. Kc4 f2 51. Qe2 Kg2 52. b4 Kg1 53. b5 f1=Q 54. Qxf1+ Kxf1 55. b6 Kg2 56. b7 Kxh3 57. b8=Q Kg2 58. Qh8 h4 59. Qxh4 Kg1 60. Kd3 Kg2 61. Ke2 Kg1 62. Qg4+ Kh2 63. Kf2 1-0

[Event "Junior Online 4NCL Division 3"]
[Site "online"]
[Date "2022.02.17"]
[EventDate "2022.02.17"]
[Round "3.54"]
[White "Williams, Frank"]
[WhiteElo "1017"]
[WhiteTeam "Wanstead Warriors C"]
[Black "Mangalagiri, Pranav"]
[BlackElo "1164"]
[BlackTeam "Uxbridge C"]
[Result "1-0"]
[PlyCount "111"]

1. e4 c5 2. c3 Nc6 3. d4 cxd4 4. cxd4 e6 5. Nc3 d5 6. e5 Bb4 7. a3 Ba5 8. b4 Bc7 9. Nf3 f6 10. Bb5 Bd7 11. O-O a6 12. Ba4 b5 13. Bc2 fxe5 14. Nxe5 Bxe5 15. dxe5 Nxe5 16. Re1 Nc4 17. Qh5+ Kf8 18. Bb3 Nf6 19. Qf3 Kf7 20. Bxc4 bxc4 21. Bg5 Rf8 22. Re3 h6 23. Bxf6 Qxf6 24. Qh5+ Kg8 25. Rf3 Qe7 26. Re1 Qd6 27. Rg3 Rf6 28. Rd1 Be8 29. Qg4 Rg6 30. Qf3 Rxg3 31. hxg3 Bc6 32. Qg4 d4 33. Rxd4 Qe7 34. Rxc4 Bd5 35. Rd4 Rc8 36. Nxd5 Rc1+ 37. Kh2 exd5 38. Rxd5 Rc7 39. f3 Qe8 40. f4 Rc8 41. Re5 Qc6 42. Rc5 Qxc5 43. bxc5 Rxc5 44. Qe6+ Kh7 45. Qxa6 Rc7 46. Qd3+ Kh8 47. Qd8+ Kh7 48. Qxc7 Kg6 49. a4 Kh7 50. a5 Kg6 51. a6 Kh7 52. a7 Kg6 53. a8=Q Kh7 54. Qc2+ g6 55. Qb7+ Kh8 56. Qcc8# 1-0

[Event "Junior Online 4NCL Division 3"]
[Site "online"]
[Date "2022.02.17"]
[EventDate "2022.02.17"]
[Round "3.55"]
[White "Quin, Wilder"]
[WhiteElo "1227"]
[WhiteTeam "Wanstead Warriors C"]
[Black "Navle, Aditi"]
[BlackElo "1271"]
[BlackTeam "Uxbridge C"]
[Result "0-1"]
[PlyCount "96"]

1. e4 e5 2. Nc3 Nf6 3. f4 exf4 4. e5 Ng8 5. Nf3 Bc5 6. d4 Bb4 7. Bxf4 Ne7 8. Bc4 O-O 9. a3 Bxc3+ 10. bxc3 Nbc6 11. d5 Na5 12. Qd4 Nxc4 13. Qxc4 d6 14. e6 c6 15. exf7+ Rxf7 16. dxc6 Nxc6 17. O-O d5 18. Qb3 Rxf4 19. Nd2 Rxf1+ 20. Rxf1 h6 21. c4 dxc4 22. Qxc4+ Kh7 23. Qe4+ Kg8 24. Nc4 Qe7 25. Qd5+ Be6 26. Qe4 Bxc4 27. Qxc4+ Kh7 28. Qd3+ Kg8 29. Qg6 Rf8 30. Rxf8+ Qxf8 31. h3 Qxa3 32. Qe6+ Kf8 33. Qc8+ Kf7 34. Qxb7+ Ne7 35. Qf3+ Qxf3 36. gxf3 a5 37. Kf2 a4 38. c4 a3 39. c5 a2 40. Kg3 a1=Q 41. h4 Nf5+ 42. Kg4 Ne3+ 43. Kg3 Qg1+ 44. Kf4 g5+ 45. hxg5 hxg5+ 46. Ke4 Nc2 47. c6 Ke6 48. c7 Qe3# 0-1

[Event "Junior Online 4NCL Division 3"]
[Site "online"]
[Date "2022.02.17"]
[EventDate "2022.02.17"]
[Round "3.56"]
[White "Navle, Yash Kumar"]
[WhiteElo "1237"]
[WhiteTeam "Uxbridge C"]
[Black "Qureshi, Zain"]
[BlackElo "1111"]
[BlackTeam "Wanstead Warriors C"]
[Result "1/2-1/2"]
[PlyCount "106"]

1. e4 e6 2. d4 d5 3. exd5 exd5 4. Nc3 Nf6 5. Bg5 Be7 6. Nf3 c6 7. h3 O-O 8. Bd3 h6 9. Bh4 Re8 10. O-O Be6 11. Re1 Nbd7 12. a3 Nh5 13. Bxe7 Rxe7 14. b4 Nf4 15. Ne5 Nxd3 16. Qxd3 Qc7 17. Qf3 Nxe5 18. dxe5 Bd7 19. Qg3 Rae8 20. f4 Bf5 21. Qf2 Qb6 22. Qxb6 axb6 23. Re2 f6 24. Rae1 d4 25. g4 Bxg4 26. hxg4 dxc3 27. Kf2 g5 28. exf6 Rxe2+ 29. Rxe2 Rxe2+ 30. Kxe2 gxf4 31. Kf3 Kf7 32. Kxf4 Kxf6 33. Ke4 Kg5 34. Kf3 c5 35. Kg3 cxb4 36. axb4 b5 37. Kf3 Kh4 38. Kf4 b6 39. Kf3 Kg5 40. Kg3 h5 41. gxh5 Kxh5 42. Kf4 Kh4 43. Ke4 Kg3 44. Kd4 Kf4 45. Kxc3 Ke4 46. Kb3 Kd4 47. Kb2 Kc4 48. c3 Kd5 49. Kb3 Kc6 50. c4 bxc4+ 51. Kxc4 b5+ 52. Kb3 Kb6 53. Kc3 Kc6 1/2-1/2

[Event "Junior Online 4NCL Division 3"]
[Site "online"]
[Date "2022.02.17"]
[EventDate "2022.02.17"]
[Round "3.57"]
[White "Chu, Ray"]
[WhiteElo "1050"]
[WhiteTeam "Wanstead Warriors C"]
[Black "Kuchibhatla, Ishaan Sai"]
[BlackElo "1187"]
[BlackTeam "Uxbridge C"]
[Result "1/2-1/2"]
[PlyCount "99"]

1. d4 d5 2. Bf4 Nc6 3. Nf3 Nf6 4. e3 Bf5 5. Bd3 Bxd3 6. Qxd3 a6 7. Nbd2 e6 8. O-O Bd6 9. Bxd6 Qxd6 10. c4 dxc4 11. Nxc4 Qe7 12. Qb3 Rb8 13. a4 O-O 14. Nce5 Rfd8 15. Rab1 Nxe5 16. Nxe5 Rd6 17. Nc4 Rd7 18. Rbd1 b5 19. Ne5 Rd6 20. axb5 Rxb5 21. Qa3 Nd7 22. Nc6 Qe8 23. Ne5 Nxe5 24. dxe5 Rxe5 25. Rxd6 cxd6 26. Qxd6 Ra5 27. Rd1 g6 28. g3 Kg7 29. Qd4+ e5 30. Qb6 Qb5 31. Qxb5 Rxb5 32. Kg2 Rxb2 33. Rd6 a5 34. Ra6 Rb5 35. f4 exf4 36. exf4 Kf8 37. Kf3 Ke7 38. Ke4 Kd7 39. Kd4 Kc7 40. Kc4 Rh5 41. Ra7+ Kd6 42. Rxf7 Rc5+ 43. Kd4 Rd5+ 44. Ke4 Rb5 45. Rxh7 Rb4+ 46. Kd3 Rb3+ 47. Kd4 Rb4+ 48. Kd3 Rb3+ 49. Kd4 Rb4+ 50. Kd3 1/2-1/2

[Event "Junior Online 4NCL Division 3"]
[Site "online"]
[Date "2022.02.17"]
[EventDate "2022.02.17"]
[Round "3.58"]
[White "Mangalagiri, Pranav"]
[WhiteElo "1164"]
[WhiteTeam "Uxbridge C"]
[Black "Williams, Frank"]
[BlackElo "1017"]
[BlackTeam "Wanstead Warriors C"]
[Result "1-0"]
[PlyCount "81"]

1. e4 e5 2. Nf3 Nf6 3. Nxe5 Nc6 4. Nxc6 dxc6 5. Nc3 Bc5 6. h3 h5 7. d3 Qd4 8. Be3 Qd6 9. e5 Qxe5 10. d4 Qf5 11. Bd3 Qe6 12. dxc5 Bd7 13. O-O O-O 14. Bd4 Qe7 15. Re1 Qd8 16. Bxf6 Qxf6 17. Qxh5 g6 18. Ne4 Qg7 19. Qg5 Rfd8 20. Nf6+ Kf8 21. Nxd7+ Rxd7 22. b4 Rd5 23. Qf4 Rc8 24. Bc4 Rf5 25. Qe4 Qf6 26. Bd3 Rxf2 27. Rf1 Rxf1+ 28. Rxf1 Qg5 29. Rf2 Re8 30. Qg4 Re1+ 31. Rf1 Qe3+ 32. Kh2 Rxf1 33. Bxf1 Qe5+ 34. Qg3 Qe7 35. Bd3 b6 36. cxb6 cxb6 37. a3 Qd8 38. Qe3 Qd6+ 39. g3 Qf6 40. Qh6+ Kg8 41. Qf4 1-0

[Event "Junior Online 4NCL Division 3"]
[Site "online"]
[Date "2022.02.17"]
[EventDate "2022.02.17"]
[Round "3.61"]
[White "Srinivasan, Raghav"]
[WhiteElo "1301"]
[WhiteTeam "Chess Challengers B"]
[Black "Dalah, Jacob"]
[BlackElo "1328"]
[BlackTeam "Edgware Gambits D"]
[Result "1-0"]
[PlyCount "79"]

1. e4 e5 2. Nf3 Nc6 3. Bb5 Nf6 4. Nc3 d6 5. h3 Be7 6. d3 O-O 7. Bd2 Be6 8. O-O a6 9. Ba4 b5 10. Bb3 Bxb3 11. axb3 Na7 12. Rxa6 Qc8 13. Ra1 b4 14. Ne2 c5 15. Ng3 Nb5 16. Qe2 Nd4 17. Nxd4 exd4 18. Bf4 Ra6 19. Ra4 Qa8 20. Rfa1 Rxa4 21. bxa4 d5 22. e5 Nd7 23. b3 Nb6 24. Nf5 Bd8 25. Nd6 Bc7 26. a5 Bxd6 27. exd6 Re8 28. Qg4 c4 29. d7 Re6 30. d8=Q+ Qxd8 31. axb6 Rxb6 32. Ra7 Rg6 33. Qd7 Qf8 34. Rc7 Re6 35. Rc8 Re1+ 36. Kh2 cxb3 37. Rxf8+ Kxf8 38. Qd8+ Re8 39. Bd6+ Kg8 40. Qxe8# 1-0

[Event "Junior Online 4NCL Division 3"]
[Site "online"]
[Date "2022.02.17"]
[EventDate "2022.02.17"]
[Round "3.62"]
[White "Jowell, Leo"]
[WhiteElo "1225"]
[WhiteTeam "Edgware Gambits D"]
[Black "Botiz, Thomas"]
[BlackElo "1300"]
[BlackTeam "Chess Challengers B"]
[Result "0-1"]
[PlyCount "84"]

1. d4 d5 2. c4 e6 3. Nc3 Nf6 4. Bf4 Nc6 5. Nf3 Bb4 6. e3 Ne4 7. Qb3 Nxc3 8. bxc3 Bd6 9. cxd5 Bxf4 10. dxc6 Bd6 11. cxb7 Rb8 12. bxc8=Q Qxc8 13. Qa4+ c6 14. Ba6 Qc7 15. O-O Rb6 16. Rab1 O-O 17. Rxb6 Qxb6 18. Ne5 Qc7 19. Rb1 Bxe5 20. dxe5 Qxe5 21. g3 Qxc3 22. Rb4 h6 23. Rg4 Qa1+ 24. Kg2 Qe5 25. Qxc6 Rd8 26. Qe4 Qd6 27. Qd4 Qc6+ 28. Qe4 Qxa6 29. Qe5 g6 30. Qf6 Qd6 31. Rd4 Qc6+ 32. f3 Qc2+ 33. Kh3 Rxd4 34. exd4 Qxa2 35. Qd8+ Kg7 36. Qc7 Qe2 37. f4 a6 38. Qa7 Qf1+ 39. Kg4 h5+ 40. Kg5 Qb5+ 41. Kh4 Qe2 42. Qe7 Qg4# 0-1

[Event "Junior Online 4NCL Division 3"]
[Site "online"]
[Date "2022.02.17"]
[EventDate "2022.02.17"]
[Round "3.63"]
[White "Karadkar, Aryan"]
[WhiteElo "1380"]
[WhiteTeam "Chess Challengers B"]
[Black "Patel, Rohan"]
[BlackElo "1178"]
[BlackTeam "Edgware Gambits D"]
[Result "1-0"]
[PlyCount "97"]

1. e4 e5 2. Nc3 Nf6 3. f4 d6 4. Nf3 Nc6 5. d4 exd4 6. Nxd4 Bd7 7. Nf3 Be7 8. Bc4 O-O 9. O-O Bg4 10. h3 Bd7 11. e5 Ne8 12. Bd2 Be6 13. Bxe6 fxe6 14. Qe2 d5 15. Rad1 Bc5+ 16. Kh2 Nd4 17. Nxd4 Bxd4 18. Na4 Bb6 19. Nxb6 axb6 20. a3 Qd7 21. g4 Qa4 22. Bb4 c5 23. Bc3 Rxf4 24. b4 Rxf1 25. Rxf1 Qxa3 26. Ra1 Qxc3 27. Rxa8 Kf7 28. b5 Qb4 29. Rb8 Qf4+ 30. Kg2 c4 31. Qf3 Qxf3+ 32. Kxf3 h6 33. Rxb7+ Kf8 34. Rxb6 Nc7 35. Rb7 Ne8 36. b6 g5 37. Rh7 Ng7 38. Rxg7 Kxg7 39. b7 d4 40. b8=Q d3 41. cxd3 cxd3 42. Qc7+ Kg6 43. Qd6 d2 44. Qxd2 h5 45. gxh5+ Kxh5 46. Qd6 g4+ 47. hxg4+ Kg5 48. Qxe6 Kh4 49. Qh6# 1-0

[Event "Junior Online 4NCL Division 3"]
[Site "online"]
[Date "2022.02.17"]
[EventDate "2022.02.17"]
[Round "3.64"]
[White "Wen, Liana"]
[WhiteElo "1154"]
[WhiteTeam "Edgware Gambits D"]
[Black "Pyla, Akhil"]
[BlackElo "1336"]
[BlackTeam "Chess Challengers B"]
[Result "0-1"]
[PlyCount "39"]

1. d4 Nf6 2. c4 g6 3. e3 Bg7 4. Nc3 d6 5. Qa4+ Bd7 6. Qb3 Qc8 7. Nf3 O-O 8. Be2 b6 9. O-O Nc6 10. d5 Na5 11. Qd1 Qe8 12. b3 Qc8 13. Bd2 c6 14. dxc6 Nxc6 15. Ng5 h6 16. Nf3 Bf5 17. Nh4 Bd7 18. Bg4 Bxg4 19. Qc2 Bf5 20. e4 Bd7 21. Nd5 Nxd5 22. exd5 Ne5 23. Rae1 Bf5 24. Qc1 Kh7 25. Nxf5 Qxf5 26. Re3 Rac8 27. Rh3 g5 28. Re1 Nd3 29. Qc2 Qxf2+ 30. Kh1 Qf5 31. Rxd3 b5 32. Kg1 bxc4 33. Rf1 cxd3 34. Rxf5 dxc2 35. Rf1 Bb2 36. Bc1 Bxc1 37. Rxc1 e6 38. dxe6 fxe6 39. b4 e5 40. b5 e4 0-1

[Event "Junior Online 4NCL Division 3"]
[Site "online"]
[Date "2022.02.17"]
[EventDate "2022.02.17"]
[Round "3.65"]
[White "Dalah, Jacob"]
[WhiteElo "1328"]
[WhiteTeam "Edgware Gambits D"]
[Black "Srinivasan, Raghav"]
[BlackElo "1301"]
[BlackTeam "Chess Challengers B"]
[Result "1-0"]
[PlyCount "113"]

1. e4 e5 2. Nf3 Nc6 3. d4 exd4 4. Nxd4 Nxd4 5. Qxd4 b6 6. Bc4 Bb7 7. O-O Qf6 8. Be3 Qxd4 9. Bxd4 Ne7 10. b3 Nc6 11. Bb2 f6 12. Nd2 Bd6 13. f4 O-O-O 14. Bd5 Bc5+ 15. Kh1 Ne7 16. Bxb7+ Kxb7 17. e5 f5 18. Nc4 Nc6 19. a3 Rhg8 20. b4 Be7 21. b5 Nb8 22. a4 g5 23. a5 g4 24. g3 h5 25. axb6 cxb6 26. Nd6+ Bxd6 27. exd6 Rde8 28. Be5 a6 29. c4 Rc8 30. Rfc1 Rc5 31. bxa6+ Nxa6 32. Bd4 Rcc8 33. Rcb1 Rxc4 34. Rxb6+ Kc8 35. Rbxa6 Rxd4 36. Ra8+ Kb7 37. Rxg8 Rxd6 38. Rg5 Ra6 39. Rxa6 Kxa6 40. Rxf5 d6 41. Rd5 Kb6 42. Rxd6+ Kc5 43. Rh6 Kd5 44. Rxh5+ Ke4 45. Rg5 Kf3 46. Kg1 Ke4 47. Rxg4 Kf5 48. h3 Ke4 49. Rg5 Kd4 50. h4 Ke4 51. h5 Kd4 52. h6 Ke4 53. h7 Kf3 54. h8=Q Ke3 55. Qe5+ Kf3 56. Qd5+ Ke3 57. Re5# 1-0